01134cam a22003015i 4500999001700000001001000017003000900027005001700036008004100053020002500094040004500119082001900164100004900183245005300232264006900285300003000354336002600384337002800410338002700438490002300465500005000488504005100538650004100589653002800630655001700658942001200675952014500687 c27604d27575016498917EG-ScBUE20190909132102.0130809s2012 enk f b 001 0 eng d a9780415630481 (pbk.) aStDuBDSbengerdacStDuBDSdUkdEG-ScBUE04a809.2bELL2221 aEllis-Fermor, Una Mary,d1894-1958,eauthor.14aThe frontiers of drama /cUna Mary Ellis Fermor. 1aAbingdon ;aLondon :bRoutledge / Taylor & Francis Group,c2012. axiii, 162 pages ;c22 cm. atextbtxt2rdacontent aunmediatedbn2rdamedia avolumebnc2rdacarrier0 aRoutledge revivals aFirst published in 1945 by Methuen & Co. Ltd. aIncludes bibliographical references and index. 7aDramaxHistory and criticism.2BUEsh bHHUUEENNcSeptember2019 vReading book 2ddccBB 00102ddc40708BaccahaMAINbMAINc2NDd2019-09-09ePurchaseg365.00l0o809.2 ELLp000048040r2025-07-15 00:00:00v456.25w2019-09-09yBB